Event management : (Record no. 6467)

MARC details
000 -LEADER
fixed length control field 00696nam a22002057a 4500
003 - CONTROL NUMBER IDENTIFIER
control field OSt
005 - DATE AND TIME OF LATEST TRANSACTION
control field 20251127134420.0
008 - FIXED-LENGTH DATA ELEMENTS--GENERAL INFORMATION
fixed length control field 251127b |||||||| |||| 00| 0 eng d
020 ## - INTERNATIONAL STANDARD BOOK NUMBER
International Standard Book Number 978-1-4468-0073-5
040 ## - CATALOGING SOURCE
Original cataloging agency DWCL-Main lib.
Transcribing agency OC
082 ## - DEWEY DECIMAL CLASSIFICATION NUMBER
Edition number -- Second edition.
Classification number Circ. 394.26068 R111e 2013
100 ## - MAIN ENTRY--PERSONAL NAME
Personal name Raj, Razaq
245 ## - TITLE STATEMENT
Title Event management :
Remainder of title principles & practice/
Statement of responsibility, etc. Razaq Raj
250 ## - EDITION STATEMENT
Edition statement -- Second edition.
260 ## - PUBLICATION, DISTRIBUTION, ETC.
Place of publication, distribution, etc. Los Angeles, CA :
Name of publisher, distributor, etc. SAGE Publications,
Date of publication, distribution, etc. c2013.
300 ## - PHYSICAL DESCRIPTION
Extent viii, 392 pages :
Other physical details illustrations ;
Dimensions 23 centimeters.
504 ## - BIBLIOGRAPHY, ETC. NOTE
Bibliography, etc. note Includes bibliographical references
650 ## - SUBJECT ADDED ENTRY--TOPICAL TERM
Topical term or geographic name entry element Special events--Management.
942 ## - ADDED ENTRY ELEMENTS (KOHA)
Source of classification or shelving scheme Dewey Decimal Classification
Koha item type Book Circulation
Classification part Circ.
Suppress in OPAC No
952 ## - LOCATION AND ITEM INFORMATION (KOHA)
--
Holdings
Withdrawn status Lost status Source of classification or shelving scheme Damaged status Not for loan Home library Current library Shelving location Date acquired Source of acquisition Cost, normal purchase price Total Checkouts Full call number Barcode Date last seen Copy number Price effective from Koha item type Uniform Resource Identifier
    Dewey Decimal Classification     College Library HM & Nursing Library Circulation 04/11/2014 School Fund 0.00   Circ. 394.26068 R111e 2013 CL50590 11/27/2025 c1 11/27/2025 BK-CIRC